000 00634nam a22002057a 4500
005 20251108173429.0
008 250721s2004 xx 000 0 ara d
020 _a9953370559
082 1 4 _aط/ق/فقي
100 1 _aفقيه، شادي
245 1 0 _aالبقرة الناطقة /
264 1 _aبيروت :
_bأكاديميا،
_c2004.
490 0 _aاروع قصص الحيوان في الحديث النبوي
650 1 7 _aالقصص القصيرة
650 1 7 _aادب الاطفال
650 1 7 _aالحديث الشريف
653 _aمرحلة متوسطة (6-9سنة )
942 _2ddc
_cBK
999 _c103695
_d103695